In Which Languages are These Keyboards? - Statistics

General Stats
  • This quiz has been taken 137 times
  • The average score is 11 of 15
Answer Stats
Picture Answer % Correct
German
96%
Korean
96%
Russian
96%
Arabic
90%
Greek
90%
Hebrew
84%
Thai
81%
Hindi
77%
Turkish
67%
Finnish
66%
Vietnamese
65%
Hawaiian
62%
Icelandic
62%
Urdu
58%
Igbo
14%
No matching quizzes found
Score Distribution
Percent of People with Each Score
Percentile by Number Answered
Your Score History
You have not taken this quiz